Normal view
MARC view
- Bergman Ingmar
Entry Personal Name
001 - CONTROL NUMBER
- control field: 37211
003 - CONTROL NUMBER IDENTIFIER
- control field: IT-RoPau
005 - DATE AND TIME OF LATEST TRANSACTION
- control field: 20151125161314.0
008 - FIXED-LENGTH DATA ELEMENTS
- fixed length control field: 151125|| aca||aabn | a|a d
040 ## - CATALOGING SOURCE
- Original cataloging agency: IT-RoPau
- Transcribing agency: IT-RoPau
100 ## - HEADING--PERSONAL NAME
- Personal name: Bergman Ingmar
- Relator term: (soggetto)
- Miscellaneous information: Codice Soggetto SPICS: 9304
670 ## - SOURCE DATA FOUND
- Source citation: Work cat.: (IT-RoPau)104702: Bergman Ingmar Codice regista SPICS: 9304 34076, COME IN UNO SPECCHIO COME IN UNO SPECCHIO (Rif. Codice opera principale : 83065)